Historia de los heterodoxos españoles : tomo III /

El tema de esta obra monumental, la que más fama dió a su autor, son las ideas sobre el mundo metafísico, de la vida eterna y de la salvación del alma, en suma de la religión en el ámbito de la historia de España, desde los tiempos prehistóricos hasta el último cuarto del siglo XIX.

Zapisane w:
Opis bibliograficzny
1. autor: Menéndez Pelayo, Marcelino (autor)
Format: Książka
Język:hiszpański
Wydane: Buenos Aires, Argentina : Emecé, 1945
Seria:(Biblioteca Emecé de Obras Universales ; Sección II. Ciencias)
Hasła przedmiotowe:
Etykiety: Dodaj etykietę
Nie ma etykietki, Dołącz pierwszą etykiete!

MARC

LEADER 00000nam^a2200000^a^4500
001 000367858
005 20250521000000.0
009 20260310115752.636
037 |a Acervo Xavier Clavigero 
041 |a ESP 
082 |a 200. 946  |b MEN V. 3 
100 |a Menéndez Pelayo, Marcelino  |e (autor) 
245 1 0 |a Historia de los heterodoxos españoles :  |b tomo III /  |c M. Menéndez Pelayo. 
264 1 |a Buenos Aires, Argentina :  |b Emecé,  |c 1945 
300 |a 637 p. 
336 |a texto  |b txt  |2 rdacontenido 
337 |a sin mediación  |b n  |2 rdamedio 
338 |a volumen  |b nc  |2 rdasoporte 
440 1 |a (Biblioteca Emecé de Obras Universales ;  |p Sección II. Ciencias) 
501 |a Encuadernación particular 
520 |a El tema de esta obra monumental, la que más fama dió a su autor, son las ideas sobre el mundo metafísico, de la vida eterna y de la salvación del alma, en suma de la religión en el ámbito de la historia de España, desde los tiempos prehistóricos hasta el último cuarto del siglo XIX. 
545 0 |a Marcelino Menéndez Pelayo (1856-1912) fue uno de los máximos exponentes de la historicidad y crítica literaria española. De formación en letras, Menéndez fue un personaje de múltiples facetas, lo mismo escribió poesía, tradujo textos antiguos como desarrolló un pensamiento filosófico y se dedicó a la política. En 1898 fue director de la Biblioteca Nacional de España hasta su muerte, fue miembro de la Real Academia Española y dirigió la Academia de Historia. Su obra se centra principalmente en el estudio de la literatura del mundo hispánico pero también en la historia y el arte español, así como en el desarrollo de la filosofía y el pensamiento cristiano en España. De tendencia liberal pero arraigado en el cristianismo, Menéndez buscó enraizar lo español en la tradición católica de su país desde una visión que resultó una amalgama de tradición y modernismo. Sus obras más importantes son: La ciencia española (1876), Historia de los heterodoxos españoles (1880-1882), Historia de las ideas estéticas españolas (1883-1884) y Antología de poetas líricos castellanos (1890-1908). 
562 |a Falta cubierta 
649 |a XX 
650 |a Arabes en España 
650 |a Herejes y Herejías -  |z España -  |x Historia -  |y Período Arabe, 711-1492 
650 |a Iglesia Católica en España -  |x Historia -  |y Período Arabe, 711-1492 
650 |a Inquisición -  |z España -  |x Historia -  |y Período Arabe, 711-1492 
650 |a Cristianismo -  |z España -  |x Historia -  |y Período Arabe, 711-1492 
650 |a Religión -  |z España -  |x Historia -  |y Período Arabe, 711-1492 -  |x Tema Principal 
650 |a Religión -  |z España -  |x Historia -  |x Tema Principal 
650 |a Religión -  |x Filosofía 
650 |a Filosofía Española -  |x Historia y Crítica 
650 |a España -  |x Historia -  |y Período Arabe, 711-1492 
910 |a Fondo General 
920 |a Impresos - Libros 
930 |a Colección General 
905 |a 101 
901 |a 044472  |b IT1  |c ACC  |u 20250521 
902 |a https://opac.biblio.iteso.mx/vufind/Record/000367858